[Event "USA ch 2010"]
[Site "Saint Louis USA"]
[Date "2010.05.14"]
[Round "1.5"]
[White "Finegold, Benjamin"]
[Black "Akobian, Varuzhan"]
[Result "1/2-1/2"]
[WhiteElo "2534"]
[BlackElo "2610"]
[PlyCount "60"]
[EventDate "2010.05.14"]
[EventType "swiss"]
[EventRounds "9"]
[EventCountry "USA"]
[Source "lmi"]
[SourceDate "2010.05.14"]

1. d4 Nf6 2. c4 e6 3. Nc3 Bb4 4. Qc2 d5 5. cxd5 exd5 6. Bg5 h6 7. Bxf6 Qxf6 8.
a3 Bxc3+ 9. Qxc3 O-O 10. e3 Bf5 11. Ne2 Nd7 12. Ng3 c5 13. Nxf5 Qxf5 14. Bd3
Qf6 15. Bb5 cxd4 16. Qxd4 Qxd4 17. exd4 Rfd8 18. Bxd7 Rxd7 19. Kd2 Re8 20. Rhe1
Kf8 21. Rac1 Rxe1 22. Rxe1 f6 23. f4 h5 24. f5 Kf7 25. Re3 g6 26. fxg6+ Kxg6
27. Rg3+ Kf5 28. Rf3+ Kg5 29. Rg3+ Kf5 30. Rf3+ Ke4 1/2-1/2

[Event "USA ch 2010"]
[Site "Saint Louis USA"]
[Date "2010.05.14"]
[Round "1.6"]
[White "Lenderman, Aleksandr"]
[Black "Khachiyan, Melikset"]
[Result "0-1"]
[WhiteElo "2601"]
[BlackElo "2542"]
[PlyCount "144"]
[EventDate "2010.05.14"]
[EventType "swiss"]
[EventRounds "9"]
[EventCountry "USA"]
[Source "lmi"]
[SourceDate "2010.05.14"]

1. c4 c5 2. Nf3 g6 3. d4 cxd4 4. Nxd4 Nc6 5. e4 Bg7 6. Be3 Nf6 7. Nc3 Ng4 8.
Qxg4 Nxd4 9. Qd1 Ne6 10. Rc1 Qa5 11. a3 b6 12. Bd3 Bb7 13. O-O O-O 14. Bb1 d6
15. f4 Rac8 16. Nd5 Bxd5 17. exd5 Nc5 18. Bd2 Qa4 19. Qxa4 Nxa4 20. b3 Nc5 21.
Bc2 Bd4+ 22. Kh1 Rc7 23. b4 Nd7 24. Ba4 Rfc8 25. Rc2 Nf6 26. Bc6 e6 27. Rcc1
Ne4 28. Be1 Rxc6 29. dxc6 Rxc6 30. b5 Rc8 31. Bb4 Nf2+ 32. Rxf2 Bxf2 33. Bxd6
Be3 34. Rc3 Rd8 35. Rxe3 Rxd6 36. g3 Rd1+ 37. Kg2 Rc1 38. Re4 Rc2+ 39. Kh3 Kf8
40. g4 Rc3+ 41. Kg2 Ke7 42. g5 Rxa3 43. Rd4 a6 44. bxa6 Rxa6 45. Kf3 Ra3+ 46.
Ke4 Rc3 47. h4 f5+ 48. gxf6+ Kxf6 49. Rd7 Rxc4+ 50. Kf3 h5 51. Rb7 Rb4 52. Rb8
e5 53. fxe5+ Kxe5 54. Kg3 b5 55. Kh3 Rb3+ 56. Kg2 Kf5 57. Rb6 b4 58. Kf2 Rb1
59. Kg2 Kg4 60. Rxg6+ Kxh4 61. Rd6 Rb2+ 62. Kg1 Kg3 63. Rd3+ Kf4 64. Kf1 h4 65.
Rh3 Kg4 66. Rd3 b3 67. Rd4+ Kg3 68. Rd3+ Kh2 69. Re3 h3 70. Rd3 Rb1+ 71. Ke2 b2
72. Rb3 Rg1 0-1

[Event "USA ch 2010"]
[Site "Saint Louis USA"]
[Date "2010.05.14"]
[Round "1.9"]
[White "Kraai, Jesse"]
[Black "Shabalov, Alexander"]
[Result "1/2-1/2"]
[WhiteElo "2508"]
[BlackElo "2587"]
[PlyCount "61"]
[EventDate "2010.05.14"]
[EventType "swiss"]
[EventRounds "9"]
[EventCountry "USA"]
[Source "lmi"]
[SourceDate "2010.05.14"]

1. d4 Nf6 2. c4 g6 3. Nc3 Bg7 4. e4 d6 5. Nf3 O-O 6. Be2 e5 7. O-O Nc6 8. d5
Ne7 9. Ne1 Nd7 10. f3 f5 11. g4 Nf6 12. Nd3 c6 13. Be3 Kh8 14. a4 a5 15. Kh1 b6
16. b4 cxd5 17. cxd5 Bb7 18. bxa5 fxe4 19. Bxb6 exd3 20. Bxd8 dxe2 21. Qxe2
Rfxd8 22. Rab1 Ba6 23. Nb5 Nfxd5 24. Qd2 Rd7 25. Rfc1 h6 26. Nc3 Nf4 27. Rb6
Nc8 28. Rb3 Kh7 29. Nd5 Ne6 30. Rbc3 Bb7 31. a6 1/2-1/2

[Event "USA ch 2010"]
[Site "Saint Louis USA"]
[Date "2010.05.14"]
[Round "1.12"]
[White "Kudrin, Sergey"]
[Black "Altounian, Levon"]
[Result "1/2-1/2"]
[WhiteElo "2556"]
[BlackElo "2454"]
[PlyCount "60"]
[EventDate "2010.05.14"]
[EventType "swiss"]
[EventRounds "9"]
[EventCountry "USA"]
[Source "lmi"]
[SourceDate "2010.05.14"]

1. e4 e5 2. Bc4 Nf6 3. d3 c6 4. Nf3 d5 5. Bb3 Bd6 6. exd5 Nxd5 7. O-O O-O 8.
Re1 Nd7 9. Nbd2 Re8 10. Ne4 Bc7 11. d4 h6 12. Bxd5 cxd5 13. Nc3 e4 14. Nxd5 Bb8
15. Nd2 Ne5 16. dxe5 Qxd5 17. Nxe4 Qxd1 18. Rxd1 Bf5 19. f3 Bxe5 20. c3 Bxe4
21. fxe4 Bc7 22. Be3 Rxe4 23. Rd7 Rxe3 24. Rxc7 Rd8 25. Rf1 Rd2 26. Rxb7 Ree2
27. Rfxf7 Rd1+ 28. Rf1 Rdd2 29. Rff7 Rd1+ 30. Rf1 Rdd2 1/2-1/2

[Event "USA ch 2010"]
[Site "Saint Louis USA"]
[Date "2010.05.15"]
[Round "2.2"]
[White "Khachiyan, Melikset"]
[Black "Kamsky, Gata"]
[Result "0-1"]
[WhiteElo "2542"]
[BlackElo "2702"]
[PlyCount "78"]
[EventDate "2010.05.14"]
[EventType "swiss"]
[EventRounds "9"]
[EventCountry "USA"]
[Source "lmi"]
[SourceDate "2010.05.14"]

1. c4 Nf6 2. Nc3 g6 3. d4 Bg7 4. e4 d6 5. Nf3 O-O 6. Be2 e5 7. O-O Na6 8. Re1
Qe8 9. Bf1 Bg4 10. d5 Nb4 11. Qb3 a5 12. a3 Na6 13. Qxb7 Qe7 14. Qb3 Bxf3 15.
gxf3 Nc5 16. Qc2 a4 17. Bg5 Rfb8 18. Bh3 Qf8 19. Nb5 Rb7 20. f4 h6 21. Bxf6
Bxf6 22. f5 h5 23. Re3 Kh7 24. fxg6+ fxg6 25. Rf3 Qh6 26. Kh1 Rf8 27. Rg1 Bh4
28. Qe2 Rbb8 29. Rfg3 Bxg3 30. hxg3 Rf7 31. Kg2 Rbf8 32. Rf1 Nb3 33. Be6 Rf6
34. Nxc7 Nd2 35. Re1 Rxf2+ 36. Qxf2 Rxf2+ 37. Kxf2 Qf8+ 38. Ke3 Nxc4+ 39. Ke2
Qb8 0-1

[Event "USA ch 2010"]
[Site "Saint Louis USA"]
[Date "2010.05.15"]
[Round "2.3"]
[White "Onischuk, Alexander"]
[Black "Christiansen, Larry"]
[Result "1/2-1/2"]
[WhiteElo "2687"]
[BlackElo "2578"]
[PlyCount "144"]
[EventDate "2010.05.14"]
[EventType "swiss"]
[EventRounds "9"]
[EventCountry "USA"]
[Source "lmi"]
[SourceDate "2010.05.14"]

1. d4 Nf6 2. c4 g6 3. Nc3 Bg7 4. e4 d6 5. Nf3 O-O 6. Be2 e5 7. Be3 c6 8. d5 Na6
9. Nd2 Ne8 10. O-O c5 11. f4 Bh6 12. Qe1 Qe7 13. Qg3 exf4 14. Bxf4 Bxf4 15.
Rxf4 Bd7 16. Raf1 f6 17. Nd1 Ng7 18. Qf2 f5 19. exf5 Rxf5 20. Rxf5 Nxf5 21. a3
Rf8 22. Bd3 Nc7 23. Ne4 Ne8 24. Ndc3 Nd4 25. Qxf8+ Qxf8 26. Rxf8+ Kxf8 27. Ng3
Ke7 28. Kf2 Nf6 29. h3 Be8 30. Ke3 Nd7 31. Nge2 Nxe2 32. Bxe2 Ne5 33. Kf4 h6
34. h4 Nf7 35. Ne4 Ba4 36. Bd3 b6 37. Nd2 Ne5 38. Bb1 Bd1 39. b3 a6 40. a4 Be2
41. Ke3 Bg4 42. Kf4 Bd1 43. Ke3 g5 44. hxg5 hxg5 45. Bf5 Kf6 46. Bc8 a5 47.
Ne4+ Ke7 48. Nd2 Bc2 49. g3 Nf7 50. Bg4 Nh6 51. Be6 Kf6 52. Ne4+ Ke5 53. Nxg5
Bxb3 54. Nf3+ Kf6 55. g4 Nf7 56. Nd2 Bc2 57. Bxf7 Kxf7 58. Ne4 Ke7 59. g5 Bxa4
60. g6 Kf8 61. Nxd6 Bd7 62. Nf7 a4 63. Kd2 a3 64. Kc3 b5 65. Ne5 Be8 66. cxb5
Bxb5 67. Kb3 Kg7 68. Kxa3 Kf6 69. Kb2 Be8 70. d6 Bxg6 71. Nxg6 Ke6 72. Ne5 Kxd6
1/2-1/2

[Event "USA ch 2010"]
[Site "Saint Louis USA"]
[Date "2010.05.15"]
[Round "2.4"]
[White "Ehlvest, Jaan"]
[Black "Krush, Irina"]
[Result "1/2-1/2"]
[WhiteElo "2598"]
[BlackElo "2461"]
[PlyCount "64"]
[EventDate "2010.05.14"]
[EventType "swiss"]
[EventRounds "9"]
[EventCountry "USA"]
[Source "lmi"]
[SourceDate "2010.05.14"]

1. c4 e5 2. Nc3 Nf6 3. g3 d5 4. cxd5 Nxd5 5. Bg2 Nb6 6. d3 Be7 7. Nf3 Nc6 8.
O-O O-O 9. a3 Be6 10. Ne4 f6 11. b4 Qd7 12. Bb2 Rfd8 13. Rc1 a5 14. Nc5 Bxc5
15. bxc5 Nd5 16. Qc2 Nde7 17. Qb1 Nf5 18. Rfd1 Nfd4 19. Bxd4 exd4 20. Rd2 a4
21. Rb2 Na5 22. Rb4 Nb3 23. Rc2 c6 24. Qb2 Ra5 25. h4 b5 26. Kh2 Ra7 27. Kg1
Rc7 28. Kh2 Bg4 29. Nd2 Be6 30. Nf3 Bg4 31. Nd2 Be6 32. Nf3 Bg4 1/2-1/2

[Event "USA ch 2010"]
[Site "Saint Louis USA"]
[Date "2010.05.15"]
[Round "2.7"]
[White "Shabalov, Alexander"]
[Black "Finegold, Benjamin"]
[Result "1-0"]
[WhiteElo "2587"]
[BlackElo "2534"]
[PlyCount "91"]
[EventDate "2010.05.14"]
[EventType "swiss"]
[EventRounds "9"]
[EventCountry "USA"]
[Source "lmi"]
[SourceDate "2010.05.14"]

1. d4 d5 2. c4 c6 3. Nc3 Nf6 4. e3 a6 5. b3 Bf5 6. Nf3 e6 7. Be2 Bb4 8. Bd2 Ba3
9. Nh4 Be4 10. Nxe4 Nxe4 11. Nf3 Nd7 12. O-O O-O 13. Be1 a5 14. Qc2 Qe7 15. Nd2
f5 16. Nb1 Bd6 17. f3 Nef6 18. Nc3 Kh8 19. Bf2 Rac8 20. Rad1 Qf7 21. Bd3 Qh5
22. Bg3 Bxg3 23. hxg3 Qg5 24. Qf2 Nh5 25. g4 fxg4 26. f4 Qf6 27. g3 c5 28. cxd5
cxd4 29. Ne4 dxe3 30. Qxe3 Qh6 31. Nd6 exd5 32. Nxc8 Rxc8 33. Bf5 Qd6 34. Qe6
Qc5+ 35. Kh2 Nhf6 36. Rc1 Qf8 37. Rxc8 Qxc8 38. Qe7 h5 39. Re1 h4 40. Bxd7
hxg3+ 41. Kxg3 Qc3+ 42. Re3 Qc2 43. Bxg4 Qb1 44. Re1 Qd3+ 45. Qe3 Ne4+ 46. Kg2
1-0

[Event "USA ch 2010"]
[Site "Saint Louis USA"]
[Date "2010.05.16"]
[Round "3.3"]
[White "Krush, Irina"]
[Black "Akobian, Varuzhan"]
[Result "0-1"]
[WhiteElo "2455"]
[BlackElo "2599"]
[PlyCount "226"]
[EventDate "2010.05.14"]
[EventType "swiss"]
[EventRounds "9"]
[EventCountry "USA"]
[Source "lmi"]
[SourceDate "2010.05.14"]

1. d4 d6 2. e4 Nf6 3. Nc3 c6 4. f4 Qa5 5. e5 Ne4 6. Qf3 d5 7. Bd3 Nxc3 8. Bd2
Qb6 9. bxc3 e6 10. Ne2 c5 11. f5 Nc6 12. O-O Nxe5 13. dxe5 c4+ 14. Be3 Bc5 15.
Nd4 cxd3 16. Rab1 Qc7 17. Nb5 Qc6 18. cxd3 a6 19. f6 g6 20. Bxc5 axb5 21. Qf2
Bd7 22. Rb2 Rc8 23. Bd4 Qc7 24. Qe3 h5 25. h4 Ra8 26. Rfb1 Ra4 27. Qd2 Bc6 28.
Rb4 Ra6 29. R1b2 Kd7 30. Qe3 Kc8 31. Bc5 Rd8 32. Bd6 Rxd6 33. exd6 Qxd6 34. d4
Ra3 35. R4b3 Ra4 36. Re2 Qd8 37. Qf4 Qc7 38. Qxc7+ Kxc7 39. Kf2 Kd6 40. Kg3 Rc4
41. a3 Ra4 42. Kf4 Ra8 43. Kg5 Rh8 44. Rb1 Rh7 45. Re5 Rh8 46. g4 Bd7 47. Rbe1
hxg4 48. Kxg4 Ra8 49. Ra1 Rc8 50. Rc1 Ra8 51. Kg5 Rh8 52. Rh1 Rh5+ 53. Kf4 Rh6
54. Rg5 Bc8 55. Kg3 Bd7 56. Rf1 Rh8 57. h5 gxh5 58. Kh4 e5 59. Rxe5 Be6 60. Rb1
Rh6 61. Rxb5 Rxf6 62. Rxb7 Rf3 63. a4 Rxc3 64. Rb4 Ke7 65. Re1 Kf6 66. Rf1+ Kg6
67. Rg1+ Kh6 68. Rg3 Rc1 69. Rg2 Rh1+ 70. Kg3 h4+ 71. Kf2 h3 72. Rg3 Ra1 73.
Rb8 Kh7 74. Rbb3 Ra2+ 75. Kg1 Rxa4 76. Rbd3 Ra1+ 77. Kh2 Ra2+ 78. Kh1 Bf5 79.
Rdf3 Be4 80. Rxh3+ Kg7 81. Rhg3+ Kf8 82. Kg1 Bxf3 83. Rxf3 Ke7 84. Rf5 Ke6 85.
Re5+ Kd6 86. Rf5 Ra7 87. Kf2 Rd7 88. Ke3 Ke6 89. Re5+ Kd6 90. Rf5 Re7+ 91. Kd3
Ra7 92. Rf6+ Ke7 93. Rf5 Ra3+ 94. Kd2 Ra5 95. Re5+ Kf6 96. Ke3 Kg6 97. Kf4 f6
98. Re1 Ra2 99. Re7 Ra4 100. Ke3 Kf5 101. Re8 Ra3+ 102. Ke2 Kf4 103. Re6 Ra2+
104. Kd3 f5 105. Re5 Ra5 106. Re1 Ra3+ 107. Kd2 Kg4 108. Rb1 Kf3 109. Re1 Ra2+
110. Kd3 f4 111. Re5 Ra5 112. Rf5 Ra3+ 113. Kd2 Ke4 0-1

[Event "USA ch 2010"]
[Site "Saint Louis USA"]
[Date "2010.05.16"]
[Round "3.6"]
[White "Hess, Robert"]
[Black "Khachiyan, Melikset"]
[Result "1-0"]
[WhiteElo "2590"]
[BlackElo "2539"]
[PlyCount "75"]
[EventDate "2010.05.14"]
[EventType "swiss"]
[EventRounds "9"]
[EventCountry "USA"]
[Source "lmi"]
[SourceDate "2010.05.14"]

1. e4 e5 2. Nf3 Nc6 3. Bb5 f5 4. d3 fxe4 5. dxe4 Nf6 6. O-O Bc5 7. Qd3 d6 8.
Qc4 Qe7 9. b4 Be6 10. Bxc6+ bxc6 11. Qa6 Bb6 12. a4 O-O 13. a5 Bd4 14. c3 Ng4
15. cxd4 Rxf3 16. Nd2 Rc3 17. h3 Nh6 18. Nb1 Rc4 19. Bxh6 gxh6 20. dxe5 d5 21.
Qb7 Rf8 22. Ra3 Bc8 23. Qxa7 d4 24. Rg3+ Kh8 25. Na3 Rxb4 26. Nc2 Rc4 27. Nxd4
Qxe5 28. Nf3 Qe7 29. Qe3 Rxe4 30. Qxh6 Re6 31. Qd2 Qf6 32. Re1 c5 33. Rc1 Rc6
34. Qg5 c4 35. Ne5 Qxg5 36. Rxg5 Rcf6 37. Rxc4 Rxf2 38. Rxc7 1-0

[Event "USA ch 2010"]
[Site "Saint Louis USA"]
[Date "2010.05.16"]
[Round "3.7"]
[White "Stripunsky, Alexander"]
[Black "Altounian, Levon"]
[Result "1-0"]
[WhiteElo "2570"]
[BlackElo "2454"]
[PlyCount "79"]
[EventDate "2010.05.14"]
[EventType "swiss"]
[EventRounds "9"]
[EventCountry "USA"]
[Source "lmi"]
[SourceDate "2010.05.14"]

1. e4 e5 2. Nf3 d6 3. Bc4 Nf6 4. Nc3 Be7 5. d4 exd4 6. Nxd4 O-O 7. Bf4 c6 8. a4
Nxe4 9. Nxe4 d5 10. Nb5 Bb4+ 11. c3 Ba5 12. Bxd5 cxd5 13. Ng3 Re8+ 14. Be3 Nc6
15. O-O a6 16. Nd4 Bc7 17. Re1 Be6 18. Nxc6 bxc6 19. b4 Qf6 20. Qd2 Qg6 21. Bf4
Bb6 22. a5 Ba7 23. Re5 h6 24. Rae1 Red8 25. R5e2 d4 26. Bc7 dxc3 27. Qxc3 Rdc8
28. Bb6 Bb8 29. Qd4 h5 30. f4 Qg4 31. Re4 Bd5 32. Re8+ Rxe8 33. Rxe8+ Kh7 34.
Qd3+ f5 35. Qxf5+ Qxf5 36. Nxf5 c5 37. Re7 Kg6 38. Ne3 Bf7 39. g3 cxb4 40. Bd4
1-0

[Event "USA ch 2010"]
[Site "Saint Louis USA"]
[Date "2010.05.17"]
[Round "4.3"]
[White "Hess, Robert"]
[Black "Shulman, Yuri"]
[Result "0-1"]
[WhiteElo "2590"]
[BlackElo "2613"]
[PlyCount "81"]
[EventDate "2010.05.14"]
[EventType "swiss"]
[EventRounds "9"]
[EventCountry "USA"]
[Source "lmi"]
[SourceDate "2010.05.14"]

1. e4 e6 2. d4 d5 3. Nd2 a6 4. Ngf3 c5 5. exd5 exd5 6. Bd3 c4 7. Be2 Nc6 8. Nf1
Bd6 9. Bg5 f6 10. Bh4 Qb6 11. Ne3 Nge7 12. Rb1 Qa5+ 13. c3 Qxa2 14. Nd2 Bf5 15.
Bh5+ g6 16. Rc1 O-O 17. Bf3 Bd3 18. Be2 Bxe2 19. Qxe2 Rae8 20. Ng4 Nf5 21.
Nxf6+ Kf7 22. Nde4 Bf4 23. Rd1 Nxh4 24. Qg4 Nxg2+ 25. Kf1 dxe4 26. Nxe8 Rxe8
27. Kxg2 Bh6 28. d5 Ne5 29. Qh4 Bg7 30. d6 Nd7 31. Rhe1 Qa4 32. Kh3 Qb5 33. Kg2
Qf5 34. Re3 h5 35. Rde1 Bf6 36. Qh3 Bg5 37. R3e2 Qxh3+ 38. Kxh3 Nc5 39. d7 Rd8
40. Rd1 Nd3 41. Kg3 0-1

[Event "USA ch 2010"]
[Site "Saint Louis USA"]
[Date "2010.05.17"]
[Round "4.7"]
[White "Kraai, Jesse"]
[Black "Benjamin, Joel"]
[Result "1-0"]
[WhiteElo "2492"]
[BlackElo "2565"]
[PlyCount "81"]
[EventDate "2010.05.14"]
[EventType "swiss"]
[EventRounds "9"]
[EventCountry "USA"]
[Source "lmi"]
[SourceDate "2010.05.14"]

1. Nf3 c5 2. e4 e6 3. d4 cxd4 4. Nxd4 Nc6 5. Nc3 Qc7 6. Be3 a6 7. Nxc6 bxc6 8.
Bd3 d5 9. O-O Nf6 10. f4 Bb7 11. Kh1 c5 12. e5 Nd7 13. f5 Nxe5 14. fxe6 fxe6
15. Bf4 Bd6 16. Bb5+ Nd7 17. Bxd6 Qxd6 18. Ne4 Qe7 19. Qh5+ g6 20. Qe5 O-O-O
21. Nd6+ Kb8 22. Bxd7 Qxd7 23. Nf7+ Qc7 24. Qxc7+ Kxc7 25. Nxd8 Rxd8 26. Rf7+
Kb6 27. Re1 Rd6 28. Rxh7 d4 29. b3 Bd5 30. Rg7 Kb5 31. Rxg6 Kb4 32. h4 Rd7 33.
h5 Rh7 34. h6 Kc3 35. Re2 c4 36. Rg3+ Kb4 37. Rh3 d3 38. cxd3 cxb3 39. axb3 a5
40. Kh2 Bxb3 41. g4 1-0

[Event "USA ch 2010"]
[Site "Saint Louis USA"]
[Date "2010.05.17"]
[Round "4.8"]
[White "Robson, Ray"]
[Black "Krush, Irina"]
[Result "1/2-1/2"]
[WhiteElo "2569"]
[BlackElo "2455"]
[PlyCount "186"]
[EventDate "2010.05.14"]
[EventType "swiss"]
[EventRounds "9"]
[EventCountry "USA"]
[Source "lmi"]
[SourceDate "2010.05.14"]

1. e4 c5 2. Nf3 e6 3. d4 cxd4 4. Nxd4 Nc6 5. Nc3 Qc7 6. Be3 a6 7. Qd2 Nf6 8.
O-O-O Bb4 9. f3 Ne5 10. Nb3 b5 11. Kb1 Nc4 12. Bxc4 bxc4 13. Nc1 Rb8 14. Bf4 e5
15. Bg5 Qb6 16. N1e2 O-O 17. Bxf6 Ba3 18. b3 Qxf6 19. Nd5 Qd8 20. f4 exf4 21.
Qxf4 Bb7 22. Rhf1 a5 23. Nec3 Bc6 24. Rd4 cxb3 25. axb3 Bb4 26. e5 Bxc3 27.
Nxc3 Qe7 28. Kb2 Rbe8 29. Re1 f6 30. Nd5 Qc5 31. Red1 fxe5 32. Qg5 Rf2 33. Rc4
Qf8 34. Rg4 Kh8 35. Ne3 Qf6 36. Rd6 Qxg5 37. Rxg5 g6 38. h4 Kg7 39. Ng4 Rf5 40.
Ne3 Rxg5 41. hxg5 h6 42. gxh6+ Kxh6 43. Kc3 Kg5 44. Kd2 Rf8 45. Ke2 Rf4 46. c3
Rf8 47. Ke1 Rb8 48. Nc4 Rxb3 49. Nxe5 Rxc3 50. Nxd7 Bxg2 51. Nf8 Be4 52. Nxg6
Bxg6 53. Rd5+ Kf4 54. Rxa5 Ke3 55. Kf1 Kf3 56. Ke1 Rc1+ 57. Kd2 Rc2+ 58. Kd1
Bd3 59. Ra8 Rg2 60. Rh8 Ke3 61. Rh3+ Kd4 62. Rh8 Kc3 63. Rc8+ Bc4 64. Ke1 Re2+
65. Kd1 Re7 66. Rc5 Rf7 67. Re5 Kd3 68. Kc1 Ra7 69. Kb2 Ra2+ 70. Kb1 Rf2 71.
Kc1 Kc3 72. Kd1 Bd3 73. Rc5+ Kd4 74. Rc8 Rb2 75. Kc1 Ra2 76. Kd1 Bc4 77. Re8
Kd3 78. Ke1 Bd5 79. Rd8 Ke4 80. Kd1 Ra5 81. Kd2 Rc5 82. Rd7 Kd4 83. Rd8 Ra5 84.
Ke2 Ra2+ 85. Ke1 Ke4 86. Kd1 Bc4 87. Rd2 Ra3 88. Ke1 Bd3 89. Kf2 Kf4 90. Ke1
Kg3 91. Rb2 Kf3 92. Rf2+ Ke3 93. Re2+ Bxe2 1/2-1/2

[Event "USA ch 2010"]
[Site "Saint Louis USA"]
[Date "2010.05.17"]
[Round "4.9"]
[White "Lenderman, Aleksandr"]
[Black "Finegold, Benjamin"]
[Result "1/2-1/2"]
[WhiteElo "2598"]
[BlackElo "2539"]
[PlyCount "113"]
[EventDate "2010.05.14"]
[EventType "swiss"]
[EventRounds "9"]
[EventCountry "USA"]
[Source "lmi"]
[SourceDate "2010.05.14"]

1. c4 c6 2. e4 e5 3. Nf3 d6 4. d4 Nd7 5. Nc3 Ngf6 6. Be2 Be7 7. O-O O-O 8. Rb1
exd4 9. Nxd4 Nc5 10. f3 a5 11. Be3 Re8 12. Qd2 Bf8 13. Rfd1 Bd7 14. b3 Qb8 15.
Bf1 g6 16. a3 Nh5 17. Nde2 Bc8 18. g4 Ng7 19. b4 axb4 20. axb4 Nd7 21. Nf4 Ne5
22. Be2 Ne6 23. Ng2 Ng7 24. Bh6 f5 25. h3 fxg4 26. hxg4 Qc7 27. Ne3 Ne6 28. Nf5
gxf5 29. exf5 Bxh6 30. Qxh6 Nf7 31. Qe3 Ng7 32. Ne4 Kh8 33. Qc3 Ra2 34. Rb2
Rxb2 35. Qxb2 b6 36. f6 Ne6 37. Nxd6 Rf8 38. c5 bxc5 39. bxc5 Nxc5 40. Nxf7+
Qxf7 41. Rd6 Bxg4 42. fxg4 Ne4 43. Rxc6 Nxf6 44. Qc3 Qg6 45. Rc5 h6 46. Kh2 Kg7
47. Bf3 Rf7 48. Rf5 Kh7 49. Qc2 Rg7 50. Qb1 Kh8 51. Kh3 Kh7 52. Qb6 h5 53. Rxf6
hxg4+ 54. Kg3 gxf3+ 55. Rxg6 Rxg6+ 56. Qxg6+ Kxg6 57. Kxf3 1/2-1/2

[Event "USA ch 2010"]
[Site "Saint Louis USA"]
[Date "2010.05.17"]
[Round "4.10"]
[White "Kaidanov, Gregory"]
[Black "Khachiyan, Melikset"]
[Result "1/2-1/2"]
[WhiteElo "2577"]
[BlackElo "2539"]
[PlyCount "105"]
[EventDate "2010.05.14"]
[EventType "swiss"]
[EventRounds "9"]
[EventCountry "USA"]
[Source "lmi"]
[SourceDate "2010.05.14"]

1. d4 Nf6 2. c4 c6 3. Nc3 d5 4. e3 g6 5. Nf3 Bg7 6. Be2 O-O 7. O-O Bg4 8. cxd5
cxd5 9. Qb3 b6 10. h3 Bxf3 11. Bxf3 e6 12. Bd2 Nc6 13. Qa4 Na5 14. b3 a6 15.
Rac1 b5 16. Qa3 Nb7 17. Ne2 Re8 18. Rc6 Bf8 19. Bb4 Bxb4 20. Qxb4 Qd7 21. Rfc1
Rec8 22. Qc3 Nd6 23. Rc5 Kg7 24. Qa5 Nfe4 25. Bxe4 Nxe4 26. Rc7 Rxc7 27. Qxc7
Ra7 28. Qe5+ f6 29. Qb8 Rb7 30. Qc8 g5 31. Qxd7+ Rxd7 32. Rc6 a5 33. Rxe6 Nd6
34. e4 dxe4 35. d5 b4 36. Nd4 Kf7 37. g4 Nc8 38. Nf5 Rxd5 39. Rc6 Ne7 40. Rc7
Re5 41. Ra7 Kf8 42. Ra8+ Kf7 43. Ra7 Kf8 44. Ra8+ Kf7 45. Nd6+ Kg6 46. Kf1 f5
47. Nc4 Rc5 48. Ra6+ Kg7 49. gxf5 Rxf5 50. Re6 Nd5 51. Rxe4 Nc3 52. Re7+ Kg6
53. Re6+ 1/2-1/2

[Event "USA ch 2010"]
[Site "Saint Louis USA"]
[Date "2010.05.18"]
[Round "5.9"]
[White "Kudrin, Sergey"]
[Black "Kaidanov, Gregory"]
[Result "0-1"]
[WhiteElo "2571"]
[BlackElo "2577"]
[PlyCount "78"]
[EventDate "2010.05.14"]
[EventType "swiss"]
[EventRounds "9"]
[EventCountry "USA"]
[Source "lmi"]
[SourceDate "2010.05.14"]

1. e4 e6 2. d4 d5 3. Nd2 c5 4. exd5 exd5 5. Ngf3 Nc6 6. Bb5 Bd6 7. dxc5 Bxc5 8.
O-O Nge7 9. Nb3 Bd6 10. Re1 O-O 11. Bg5 Bg4 12. Be2 Re8 13. c3 Qc7 14. h3 Bd7
15. Nbd4 a6 16. Bd3 Ng6 17. Qc2 Nf8 18. Nf5 Bxf5 19. Bxf5 h6 20. Be3 Rad8 21.
Rad1 Ne6 22. Qa4 Bf8 23. Qg4 g6 24. Bb1 h5 25. Qa4 Bg7 26. a3 d4 27. cxd4 Nexd4
28. Nxd4 Bxd4 29. Bxd4 Rxe1+ 30. Rxe1 Nxd4 31. Qb4 Rd6 32. Be4 b5 33. Kf1 Ne6
34. Bf3 Rd4 35. Qb3 Rd2 36. Rd1 Nd4 37. Qd5 Qh2 38. Ke1 Rxb2 39. Qd8+ Kh7 0-1

[Event "USA ch 2010"]
[Site "Saint Louis USA"]
[Date "2010.05.19"]
[Round "6.3"]
[White "Stripunsky, Alexander"]
[Black "Shulman, Yuri"]
[Result "0-1"]
[WhiteElo "2570"]
[BlackElo "2613"]
[PlyCount "90"]
[EventDate "2010.05.14"]
[EventType "swiss"]
[EventRounds "9"]
[EventCountry "USA"]
[Source "lmi"]
[SourceDate "2010.05.14"]

1. e4 e6 2. d4 d5 3. Nc3 Bb4 4. Nge2 dxe4 5. a3 Bxc3+ 6. Nxc3 Nc6 7. Bb5 Nge7
8. Be3 O-O 9. Qd2 f5 10. O-O-O a6 11. Bxc6 Nxc6 12. f3 e5 13. d5 Na5 14. Qe2 b6
15. fxe4 f4 16. Bd2 Nb7 17. Rdf1 Nd6 18. g3 Bh3 19. Rf2 Bg2 20. Re1 f3 21. Qe3
h6 22. Ne2 Qe8 23. Ng1 Qh5 24. h3 Bxh3 25. Rxf3 Bg2 26. Rxf8+ Rxf8 27. Bb4 Qg4
28. Bxd6 cxd6 29. Kb1 Qxe4 30. Qxe4 Bxe4 31. Rxe4 Rf1+ 32. Ka2 Rxg1 33. Rb4 b5
34. a4 Rxg3 35. axb5 axb5 36. Rxb5 h5 37. Rb8+ Kh7 38. b4 h4 39. Rf8 h3 40. Rf1
e4 41. b5 Rf3 42. Rg1 e3 43. b6 e2 44. Re1 h2 45. Rh1 Kg6 0-1

[Event "USA ch 2010"]
[Site "Saint Louis USA"]
[Date "2010.05.20"]
[Round "7.11"]
[White "Kudrin, Sergey"]
[Black "Gurevich, Dmitry"]
[Result "1/2-1/2"]
[WhiteElo "2571"]
[BlackElo "2488"]
[PlyCount "68"]
[EventDate "2010.05.14"]
[EventType "swiss"]
[EventRounds "9"]
[EventCountry "USA"]
[Source "lmi"]
[SourceDate "2010.05.14"]

1. e4 c5 2. Nf3 d6 3. d4 cxd4 4. Nxd4 Nf6 5. Nc3 Nc6 6. Be2 g6 7. O-O Bg7 8.
Be3 O-O 9. h3 d5 10. exd5 Nxd5 11. Nxd5 Nxd4 12. Bxd4 Qxd5 13. Bxg7 Qxd1 14.
Rfxd1 Kxg7 15. Bf3 Bf5 16. c4 Rac8 17. b3 Rc7 18. Rd4 Rfc8 19. Bg4 Bxg4 20.
hxg4 a6 21. a4 h6 22. Kf1 Rc6 23. a5 Rb8 24. Ke2 b6 25. axb6 Rcxb6 26. Rd3 Rxb3
27. Rxb3 Rxb3 28. Rxa6 h5 29. gxh5 gxh5 30. g3 Rc3 31. Rc6 e6 32. Kd2 Rf3 33.
Ke2 Rc3 34. Kd2 Rf3 1/2-1/2

[Event "USA ch 2010"]
[Site "Saint Louis USA"]
[Date "2010.05.22"]
[Round "8.1"]
[White "Stripunsky, Alexander"]
[Black "Christiansen, Larry"]
[Result "1-0"]
[WhiteElo "2570"]
[BlackElo "2578"]
[PlyCount "103"]
[EventDate "2010.05.14"]
[EventType "swiss"]
[EventRounds "9"]
[EventCountry "USA"]
[Source "lmi"]
[SourceDate "2010.05.14"]

1. e4 c5 2. c3 d5 3. exd5 Qxd5 4. d4 Nf6 5. Nf3 Bg4 6. Be2 e6 7. h3 Bh5 8. c4
Qd7 9. g4 Bg6 10. d5 Bd6 11. Nc3 O-O 12. Be3 Na6 13. Nh4 exd5 14. Nxg6 hxg6 15.
cxd5 Qe7 16. Kf1 Nc7 17. h4 b5 18. g5 Nh5 19. Bf3 Rad8 20. Kg2 Qe5 21. a4 a6
22. axb5 axb5 23. Qd2 Rfe8 24. Ne2 Ra8 25. Rxa8 Rxa8 26. Qc3 Qf5 27. Rd1 Ra4
28. Ng3 Rg4 29. Qd3 Rxg3+ 30. fxg3 Qe5 31. Bf2 Nxg3 32. Qe3 Qxe3 33. Bxe3 Nf5
34. Bf2 f6 35. Be4 Ne7 36. Bg3 Ne8 37. Ra1 Bxg3 38. Kxg3 Nd6 39. Kf4 f5 40. Bf3
Nec8 41. Ra6 c4 42. Ke5 b4 43. Bd1 Nf7+ 44. Ke6 f4 45. Ra8 Nfd6 46. Ke5 Kh7 47.
Kxf4 c3 48. bxc3 Nb6 49. Ra6 Nxd5+ 50. Ke5 Ne3 51. Rxd6 bxc3 52. Bb3 1-0